00462nam a2200085Ia 4500008004100000245002800041300024300069650000900312856005500321170517s9999 xx 000 0 und d 2aA Portrait of Pat Carey aA Portrait of Pat Carey is an intimate look at San Francisco artist and activist, Pat Carey. This heart-warming documentary follows her life stemming from her parents immigration to the United States and follows through to her death in... xArt. uhttp://topdocumentaryfilms.com/portrait-pat-carey/